000 00294nam a22001337a 4500
008 171220b xxu||||| |||| 00| 0 eng d
020 _a9781437702071
041 _aeng
080 _a61
100 _a4
101 _aSHM
245 _a2010 FOR HOSPITALN 2010
_cBUCK.C.J
942 _2udc
_cBK
999 _c39206
_d39206